Staráme sa o šteňa

Bibliographic Details
Main Author: Fogle, Bruce, 1944- (Author)
Other Authors: Brožíková, Jana (prekladateľka) (Translator)
Format: Book
Language:Slovak
PhysicalDescription:71 s. fareb. fotogr. 19 cm
Published: Bratislava Ikar 1999
ISBN:8071185361
Series:101 praktických rád
Subjects:

MARC

LEADER 00000nam a2200000 a 4500
001 vtls001366884
003 SK-MaSNL
005 20260302000437.0
008 251113s1999 xo a r 0 slo
015 |a SNBA1999/09-03386 
020 |a 8071185361 
035 |a SNK000320568 
040 |a SNK  |b slo  |c SNK  |e AACR2 
041 0 |a slo 
044 |a xo  |c SK 
080 |a 636.7.08(035)  |2 1981 
100 1 |a Fogle, Bruce,  |d 1944-  |4 aut  |9 216621 
240 1 0 |a Caring for your puppy  |l Slovensky 
245 1 |a Staráme sa o šteňa  |c Bruce Fogle ; [z anglického originálu preložila Jana Brožíková] 
260 |a Bratislava  |b Ikar  |c 1999 
300 |a 71 s.  |b fareb. fotogr.  |c 19 cm 
490 1 |a 101 praktických rád 
500 |a Fotogr. na tit. strane, front. a predsádkach 
500 |a Údaj o prekl. prevzatý z rubu tit. strany 
504 |a Reg. 
650 0 7 |a psy  |x štence  |x starostlivosť  |x príručky  |2 SNK  |9 635035 
655 7 |a príručky  |2 SNK  |9 74364 
700 1 |a Brožíková, Jana  |c (prekladateľka)  |4 trl  |9 222241 
730 |t Caring for your puppy  |9 635036 
830 0 |a 101 praktických rád  |9 283630 
919 |a 80-7118-536-1 
958 |a TL 
958 |a OP 
958 |a NS 
958 |a GB 
968 |b ENG 
999 |c 979549  |d 981479 
952 |t P60, <03>, [BOOK], {603}  |a SNK  |b SNK  |y PREZ  |7 0  |p 17A0198990  |o snkSD 70217  |i snkKSP 7316/99  |0 0  |1 0  |4 0  |d 1999-07-06  |l 0  |r 2005-01-02 00:00:00  |w 2026-02-24 
952 |t P60, <04>, [BOOK], {604}  |a SNK  |b SNK  |y VYP  |7 0  |p 17A0198991  |o snkSD 70217 D1  |i snkKSP 7317/99  |0 0  |1 1  |4 0  |d 1999-07-06  |l 0  |r 2005-01-02 00:00:00  |w 2026-02-24